Priebeh ohliadky vykonávanej pred obcou
Miestna ohliadka je silný procesný nástroj, ktorý môže zásadne ovplyvniť výsledok správneho konania pred obcou. Jej nesprávny postup však predstavuje reálne riziko nezákonnosti rozhodnutia. Článok vysvetľuje pravidlá dokazovania, práva účastníkov správneho konania aj limity oprávnení obce prostrední...
Salvato in:
| Autore principale: | |
|---|---|
| Natura: | Capitolo di libro |
| Lingua: | slovacco |
| Soggetti: | |
| Tags: |
Nessun Tag, puoi essere il primo ad aggiungerne!!
|
MARC
| LEADER | 00000naa a2200000 4500 | ||
|---|---|---|---|
| 001 | 0315132 | ||
| 005 | 20260225085947.5 | ||
| 041 | 0 | |a slo | |
| 044 | |a SK | ||
| 245 | 1 | 0 | |a Priebeh ohliadky vykonávanej pred obcou |c Ladislav Hrtánek |
| 520 | |a Miestna ohliadka je silný procesný nástroj, ktorý môže zásadne ovplyvniť výsledok správneho konania pred obcou. Jej nesprávny postup však predstavuje reálne riziko nezákonnosti rozhodnutia. Článok vysvetľuje pravidlá dokazovania, práva účastníkov správneho konania aj limity oprávnení obce prostredníctvom príkladov z praxe. | ||
| 610 | 2 | 0 | |a konanie správne |
| 610 | 2 | 0 | |a poriadok správny |
| 610 | 2 | 0 | |a dokazovanie |
| 610 | 2 | 0 | |a obce |
| 610 | 2 | 0 | |a obhliadka |
| 100 | 1 | |a Hrtánek, Ladislav | |